000 00323nam a22001457a 4500
008 210225b ||||| |||| 00| 0 eng d
020 _a97800303508497th
041 _aeng
080 _27th
_a33
082 _a33
100 _a58
101 _aBUS
245 _aBussines Research Methods
_cZikmund, W.G
942 _2udc
_cBK
999 _c55200
_d55200